| 000 | 00349nam a2200133Ia 4500 | ||
|---|---|---|---|
| 008 | 240624s9999 xx 000 0 und d | ||
| 041 | _aeng | ||
| 082 | _a303.483 PEN | ||
| 100 | _aPENTLAND ALEX | ||
| 245 | _aSOCIAL PHYSICS HOW GOOD IDEAS SPREAD THE | ||
| 260 |
_c2014 _aNew York _bThe Penguin Press |
||
| 300 | _ax, 300 p.; 23 cm. | ||
| 365 |
_c _b38 |
||
| 999 |
_c30643 _d30643 |
||